The Discovery Of The Child
| Main Author: | |
|---|---|
| Format: | Book |
| Language: | English |
| Published: |
England :
Clio Press Ltd. ,
1988
|
| Series: | The Clio Montessori Series
|
| Subjects: |
MARC
| LEADER | 00000cam a2200000 7i4500 | ||
|---|---|---|---|
| 001 | 0000119708 | ||
| 005 | 20160909.0 | ||
| 008 | 100526 eng | ||
| 020 | |a 185109086X | ||
| 090 | 0 | 0 | |a 371.392 MON |
| 100 | 1 | |a Montessori,Maria | |
| 245 | 1 | 0 | |a The Discovery Of The Child |c Maria Montessori |
| 260 | |a England : |b Clio Press Ltd. , |c 1988 | ||
| 300 | |a 339p. ; |c 20cm. | ||
| 440 | 0 | |a The Clio Montessori Series | |
| 650 | 0 | 0 | |a Education |
| 999 | |a 0000407593 |b Buku |c Rak Terbuka |e Perbadanan Perpustakaan Awam Melaka | ||